Felnőttképzési módszerek alkalmazási lehetőségei a vállalati szektorban

Bibliographic Details
Main Author: Fazekas Balázs
Other Authors: Benkei-Kovács Dr. Balázs
Format: Thesis
Kulcsszavak:felnőttképzés
munkahely
szervezeti tanulás
továbbképzés
vállalat
Online Access:http://dolgozattar.uni-bge.hu/59536

MARC

LEADER 00000nta a2200000 i 4500
001 dolg59536
005 20260409145211.0
008 260409suuuu hu om 000 hun d
040 |a BGE Dolgozattár Repozitórium  |b hun 
041 |a hu 
100 1 |a Fazekas Balázs 
245 1 0 |a Felnőttképzési módszerek alkalmazási lehetőségei a vállalati szektorban  |c Fazekas Balázs  |h [elektronikus dokumentum] 
520 3 |a Szakdolgozatom a felnőttképzési módszerek alkalmazási lehetőségeit vizsgálja a vállalati szektorban. A dolgozatban bemutatásra kerülnek a hagyományos, illetve az online képzési módszerek is, valamit azoknak a kapcsolata. Helyet kapott egy saját kutatás, amely nagyban elősegítette a szakirodalmam gyakorlati alátámasztását, a kitöltők tapasztalatai és egyéni véleményük alapján. Összességében elmondható, hogy ennek a témának a kutatása és fejlesztése rendkívül fontos, valamint az is kiderült, hogy a munkavállalók erre igényt tartanak a saját munkahelyükön belül. A felnőttképzések gyakoribbá tétele és fejlesztése nem csak a munkavállalókra hat ki, hanem a cégek versenyképességére is. 
695 |a felnőttképzés 
695 |a munkahely 
695 |a szervezeti tanulás 
695 |a továbbképzés 
695 |a vállalat 
700 1 |a Benkei-Kovács Dr. Balázs  |e ths 
856 4 0 |u http://dolgozattar.uni-bge.hu/59536/1/Fazekas%20Bal%C3%A1zs%20Szakdolgozat.pdf  |z Dokumentum-elérés 
856 4 0 |u http://dolgozattar.uni-bge.hu/59536/2/BKB_Fazekas%20Bal%C3%A1zs_KSZ%20%C3%A9s%20MH%20b%C3%ADr%C3%A1lati%20lap%202025.pdf  |z Dokumentum-elérés 
856 4 0 |u http://dolgozattar.uni-bge.hu/59536/3/Fazekas%20Bal%C3%A1zs_b%C3%ADr%C3%A1lat.pdf  |z Dokumentum-elérés